[Event "POL-chT 2nd League"]
[Site "Jastrzebia Gora"]
[Date "2018.09.02"]
[Round "2.6"]
[White "Lisowski, Krzysztof"]
[Black "Knopik, Krzysztof"]
[Result "1-0"]
[WhiteElo "2061"]
[BlackElo "2078"]
[PlyCount "60"]
[EventDate "2018.09.01"]
[EventType "team-swiss"]
[EventRounds "9"]
[EventCountry "POL"]
[SourceTitle "CBM 186 Extra"]
[Source "ChessBase"]
[SourceDate "2018.08.24"]
[SourceVersion "1"]
[SourceVersionDate "2018.08.24"]
[SourceQuality "1"]
[WhiteTeam "Ostroda Ostrodzianka"]
[BlackTeam "Zory Roszada"]
[WhiteTeamCountry "POL"]
[BlackTeamCountry "POL"]

1. e4 c6 2. d4 d5 3. exd5 cxd5 4. Bd3 Nc6 5. c3 g6 6. Nf3 Nf6 7. Bf4 Bg7 8. 0-0 0-0 9. Nbd2 Bf5 10. Bxf5 gxf5 11. Ne5 Nxe5 12. dxe5 Ne4 13. Nf3 e6 14. Nd4 Qh4 15. g3 Qh3 16. f3 Nc5 17. Qd2 Kh8 18. Rfe1 a6 19. a4 Rac8 20. b3 Rg8 21. Rac1 h5 22. Bg5 Kh7 23. Kh1 h4 24. gxh4 Nd7 25. Qf4 Nxe5 26. Rxe5 f6 27. Rxe6 fxg5 28. Qxg5 Rgf8 29. Qg6+ Kh8 30. Re7 Rf6 1-0

[Event "POL-chT 2nd League"]
[Site "Szklarska Poreba"]
[Date "2017.09.07"]
[Round "6.14"]
[White "Knopik, Krzysztof"]
[Black "Rykala, Monika"]
[Result "1-0"]
[WhiteElo "2098"]
[BlackElo "1863"]
[PlyCount "83"]
[EventDate "2017.09.02"]
[EventType "team-swiss"]
[EventRounds "9"]
[EventCountry "POL"]
[SourceTitle "CBM 180 Extra"]
[Source "ChessBase"]
[SourceDate "2017.10.06"]
[SourceVersion "1"]
[SourceVersionDate "2017.10.06"]
[SourceQuality "1"]
[WhiteTeam "Roszada Zory"]
[BlackTeam "Minsk Mazowiecki MTSz"]
[WhiteTeamCountry "POL"]
[BlackTeamCountry "POL"]

1. e4 c5 2. Nf3 d6 3. Nc3 Nf6 4. Bc4 e6 5. d3 Be7 6. 0-0 Nc6 7. h3 a6 8. a4 0-0 9. Bf4 Bd7 10. Bh2 Qb6 11. Qc1 Nd4 12. Nxd4 cxd4 13. Ne2 Rac8 14. Bb3 Qc5 15. Qd1 h6 16. Kh1 Kh8 17. f4 Nh7 18. Bg1 Bf6 19. c3 e5 20. Rf3 exf4 21. cxd4 Qb4 22. Rxf4 Ng5 23. Be3 Qa5 24. Ng3 Ne6 25. Rxf6 gxf6 26. d5 Ng7 27. Bd4 Qd8 28. Nh5 Nxh5 29. Qxh5 Kh7 30. Rf1 f5 31. h4 Qe7 32. Rxf5 f6 33. Rf1 Qg7 34. Qf3 Rf7 35. Bxf6 Qg6 36. d4 Bg4 37. Qf4 Rg8 38. g3 Bh3 39. Rf3 Rxf6 40. Qxf6 Qxe4 41. Kh2 Qb1 42. Rf2 1-0

[Event "POL-chT 2nd League"]
[Site "Szklarska Poreba"]
[Date "2017.09.06"]
[Round "5.12"]
[White "Bajerlein, Dawid"]
[Black "Knopik, Krzysztof"]
[Result "1-0"]
[WhiteElo "2044"]
[BlackElo "2098"]
[PlyCount "79"]
[EventDate "2017.09.02"]
[EventType "team-swiss"]
[EventRounds "9"]
[EventCountry "POL"]
[SourceTitle "CBM 180 Extra"]
[Source "ChessBase"]
[SourceDate "2017.10.06"]
[SourceVersion "1"]
[SourceVersionDate "2017.10.06"]
[SourceQuality "1"]
[WhiteTeam "Steszew Lipno"]
[BlackTeam "Roszada Zory"]
[WhiteTeamCountry "POL"]
[BlackTeamCountry "POL"]

1. d4 c5 2. d5 Nf6 3. Nc3 g6 4. e4 d6 5. Nf3 Bg7 6. Be2 0-0 7. 0-0 Bg4 8. Nd2 Bxe2 9. Qxe2 Nbd7 10. Nc4 Ne8 11. f4 Nc7 12. a4 a6 13. a5 Nb5 14. Na4 Qc7 15. c3 e6 16. Nab6 Rae8 17. Qf3 Nf6 18. Bd2 exd5 19. exd5 Ne4 20. f5 Nxd2 21. Nxd2 gxf5 22. Ndc4 Re4 23. Qxf5 Rfe8 24. Rad1 Qe7 25. Rd3 Re1 26. Rdf3 Rxf1+ 27. Rxf1 Rf8 28. g4 h6 29. Kg2 Re8 30. h4 Rf8 31. Kh3 Re8 32. g5 hxg5 33. hxg5 Rd8 34. Rf4 Re8 35. Nd7 Rd8 36. Ndb6 Re8 37. Nd7 Rd8 38. Nf6+ Bxf6 39. gxf6 Qd7 40. Rg4+ 1-0

[Event "POL-chT 2nd League"]
[Site "Szklarska Poreba"]
[Date "2017.09.03"]
[Round "2.11"]
[White "Popiol, Michal"]
[Black "Knopik, Krzysztof"]
[Result "0-1"]
[WhiteElo "2079"]
[BlackElo "2098"]
[PlyCount "72"]
[EventDate "2017.09.02"]
[EventType "team-swiss"]
[EventRounds "9"]
[EventCountry "POL"]
[SourceTitle "CBM 180 Extra"]
[Source "ChessBase"]
[SourceDate "2017.10.06"]
[SourceVersion "1"]
[SourceVersionDate "2017.10.06"]
[SourceQuality "1"]
[WhiteTeam "Nowy Sacz Sandecja"]
[BlackTeam "Roszada Zory"]
[WhiteTeamCountry "POL"]
[BlackTeamCountry "POL"]

1. d4 Nf6 2. c4 c5 3. d5 d6 4. Nc3 g6 5. e4 Bg7 6. Be2 0-0 7. Nf3 a6 8. a4 e6 9. 0-0 e5 10. a5 h6 11. Ne1 Ne8 12. Be3 f5 13. f3 f4 14. Bf2 g5 15. Nd3 h5 16. b4 cxb4 17. Na4 Nd7 18. Qb3 Rf7 19. Rfc1 Bf8 20. c5 Rg7 21. c6 Ndf6 22. Nb6 Rb8 23. Nxb4 g4 24. Bh4 gxf3 25. Bxf3 Bg4 26. cxb7 Rbxb7 27. Rc8 Bxc8 28. Nc6 Qc7 29. Kh1 Bg4 30. Rb1 Bxf3 31. gxf3 Rg6 32. Qd3 Nd7 33. Bd8 Nc5 34. Qf1 Qh7 35. Bh4 Rbg7 36. Bf2 Nxe4 0-1

[Event "POL-chT 2nd League"]
[Site "Jastrzebia Gora"]
[Date "2015.09.13"]
[Round "9.53"]
[White "Knopik, Krzysztof"]
[Black "Kokoszczynski, Jan"]
[Result "1-0"]
[WhiteElo "2150"]
[BlackElo "1873"]
[PlyCount "73"]
[EventDate "2015.09.05"]
[EventType "team-swiss"]
[EventRounds "9"]
[EventCountry "POL"]
[SourceTitle "EXT 2017"]
[Source "ChessBase"]
[SourceDate "2016.10.25"]
[SourceVersion "1"]
[SourceVersionDate "2016.10.25"]
[SourceQuality "1"]
[WhiteTeam "Czerwionka Leszczyny Skoczek"]
[BlackTeam "Chylice KS Laura"]
[WhiteTeamCountry "POL"]
[BlackTeamCountry "POL"]

1. e4 e6 2. d4 d5 3. exd5 exd5 4. Bd3 Nc6 5. Ne2 Bd6 6. c3 Nge7 7. Bf4 Bg4 8. Bg3 Qd7 9. b4 h5 10. Nd2 h4 11. Bxd6 Qxd6 12. Nb3 h3 13. g3 Bf3 14. Rg1 Nd8 15. Nd2 Bg4 16. f3 Bf5 17. Qc2 g6 18. Kf2 Ne6 19. Rge1 0-0 20. Nf1 Kg7 21. Ne3 Bxd3 22. Qxd3 Ng5 23. Nf4 b6 24. Re2 Rad8 25. Rae1 Rd7 26. Ng4 Nf5 27. Qd2 c5 28. bxc5 bxc5 29. Re5 cxd4 30. Nh5+ gxh5 31. Rxf5 Nxf3 32. Rxf3 hxg4 33. Qxd4+ Kh7 34. Rf6 Qa3 35. Qxg4 Qb2+ 36. Re2 Qc1 37. Qxd7 1-0

[Event "POL-chT 2nd League"]
[Site "Jastrzebia Gora"]
[Date "2015.09.05"]
[Round "1.47"]
[White "Knopik, Krzysztof"]
[Black "Mondrzycki, Bartlomiej"]
[Result "1/2-1/2"]
[WhiteElo "2150"]
[BlackElo "2082"]
[PlyCount "80"]
[EventDate "2015.09.05"]
[EventType "team-swiss"]
[EventRounds "9"]
[EventCountry "POL"]
[SourceTitle "EXT 2017"]
[Source "ChessBase"]
[SourceDate "2016.10.25"]
[SourceVersion "1"]
[SourceVersionDate "2016.10.25"]
[SourceQuality "1"]
[WhiteTeam "Czerwionka Leszczyny Skoczek"]
[BlackTeam "Wroclaw AZS Politechnika"]
[WhiteTeamCountry "POL"]
[BlackTeamCountry "POL"]

1. e4 b6 2. d4 Bb7 3. Nc3 e6 4. a3 Nf6 5. Bd3 Be7 6. Nf3 d5 7. Qe2 dxe4 8. Nxe4 Nbd7 9. Bf4 0-0 10. Rd1 Nxe4 11. Bxe4 Bxe4 12. Qxe4 c5 13. 0-0 Qc8 14. Qe2 Bf6 15. Be5 Rd8 16. h3 h6 17. dxc5 Nxe5 18. Nxe5 Qxc5 19. Nd7 Qe7 20. Nxf6+ Qxf6 21. c3 Rxd1 22. Rxd1 Rd8 23. Rxd8+ Qxd8 24. Qb5 Kh7 25. Qa4 Qd2 26. Qe4+ Kg8 27. Qb1 e5 28. c4 a5 29. b3 Qc3 30. Qd1 Kh7 31. a4 e4 32. Qd5 Qc1+ 33. Kh2 Qf4+ 34. Kg1 Qc1+ 35. Kh2 Qf4+ 36. Kg1 Qc1+ 37. Kh2 Qf4+ 38. Kg1 Qc1+ 39. Kh2 Qf4+ 40. Kg1 Qc1+ 1/2-1/2

[Event "POL-chT 2nd League"]
[Site "Szczyrk"]
[Date "2014.09.14"]
[Round "9.17"]
[White "Platek, Michal"]
[Black "Knopik, Krzysztof"]
[Result "1/2-1/2"]
[WhiteElo "1942"]
[BlackElo "2125"]
[PlyCount "86"]
[EventDate "2014.09.06"]
[EventType "team-swiss"]
[EventRounds "9"]
[EventCountry "POL"]
[SourceTitle "EXT 2015"]
[Source "ChessBase"]
[SourceDate "2014.11.20"]
[SourceVersion "1"]
[SourceVersionDate "2014.11.20"]
[SourceQuality "1"]
[WhiteTeam "Myslenice MLKSz"]
[BlackTeam "Czerwionka Leszczyny Skoczek"]
[WhiteTeamCountry "POL"]
[BlackTeamCountry "POL"]

1. e4 e5 2. Nc3 Bc5 3. Bc4 Nf6 4. d3 d6 5. Na4 Nbd7 6. Nxc5 Nxc5 7. b4 Ne6 8. Ne2 0-0 9. 0-0 c6 10. a3 a5 11. Bb2 Nh5 12. Qd2 axb4 13. axb4 Rxa1 14. Bxa1 Qf6 15. f3 Nef4 16. Nxf4 Nxf4 17. d4 Be6 18. Bxe6 Qxe6 19. dxe5 dxe5 20. g3 Ng6 21. Rd1 Qc4 22. Qc3 Qe2 23. Qd3 Qxd3 24. Rxd3 Ra8 25. Bb2 Kf8 26. c4 Ra2 27. Rb3 Ke7 28. Kf2 f6 29. Ke3 Nf8 30. f4 Ke6 31. fxe5 fxe5 32. h4 Nd7 33. c5 Nb8 34. Bc3 Na6 35. Bd2 Nc7 36. Rd3 Nb5 37. Rd8 h6 38. Re8+ Kf6 39. Rf8+ Ke6 40. Re8+ Kf6 41. Rf8+ Ke7 42. Rg8 Kf7 43. Rb8 Ra7 1/2-1/2

[Event "POL-chT 2nd League"]
[Site "Szczyrk"]
[Date "2014.09.08"]
[Round "3.5"]
[White "Knopik, Krzysztof"]
[Black "Delega, Tomasz"]
[Result "1-0"]
[WhiteElo "2125"]
[BlackElo "2090"]
[PlyCount "89"]
[EventDate "2014.09.06"]
[EventType "team-swiss"]
[EventRounds "9"]
[EventCountry "POL"]
[SourceTitle "EXT 2015"]
[Source "ChessBase"]
[SourceDate "2014.11.20"]
[SourceVersion "1"]
[SourceVersionDate "2014.11.20"]
[SourceQuality "1"]
[WhiteTeam "Czerwionka Leszczyny Skoczek"]
[BlackTeam "Miedzyborow Wrzos"]
[WhiteTeamCountry "POL"]
[BlackTeamCountry "POL"]

1. e4 d6 2. d4 Nf6 3. Nc3 g6 4. Bf4 c6 5. Qd2 b5 6. f3 b4 7. Nce2 a5 8. g4 h5 9. g5 Nfd7 10. h4 Bg7 11. Ng3 Ba6 12. N1e2 c5 13. Be3 Nc6 14. Bh3 cxd4 15. Nxd4 Nde5 16. Nxc6 Nxc6 17. 0-0-0 Ne5 18. Qf2 Bc4 19. Bd4 0-0 20. f4 Nc6 21. Bxg7 Kxg7 22. b3 Be6 23. f5 Bc8 24. Ne2 a4 25. Nf4 axb3 26. cxb3 Qa5 27. Kb1 Ne5 28. Qb2 Bb7 29. Rhe1 Kh7 30. Nd3 Nxd3 31. Rxd3 Qb5 32. Bf1 Qb6 33. Bg2 Ra5 34. f6 e6 35. Qd4 Qa6 36. Rd2 Ra8 37. Bf1 Qc6 38. Qxb4 Rc5 39. Bd3 Rc8 40. Qa3 Qb6 41. Qb2 d5 42. exd5 Bxd5 43. Rc2 Rxc2 44. Bxc2 Qf2 45. Bxg6+ 1-0

[Event "POL-chT 2nd League"]
[Site "Szczyrk"]
[Date "2014.09.06"]
[Round "1.35"]
[White "Knopik, Krzysztof"]
[Black "Ciemniak, Krzysztof"]
[Result "0-1"]
[WhiteElo "2125"]
[BlackElo "1979"]
[PlyCount "48"]
[EventDate "2014.09.06"]
[EventType "team-swiss"]
[EventRounds "9"]
[EventCountry "POL"]
[SourceTitle "EXT 2015"]
[Source "ChessBase"]
[SourceDate "2014.11.20"]
[SourceVersion "1"]
[SourceVersionDate "2014.11.20"]
[SourceQuality "1"]
[WhiteTeam "Czerwionka Leszczyny Skoczek"]
[BlackTeam "Bydgoszcz Wiartrak"]
[WhiteTeamCountry "POL"]
[BlackTeamCountry "POL"]

1. e4 e5 2. Nf3 Nc6 3. c3 d5 4. Bb5 dxe4 5. Nxe5 Qd5 6. Qa4 Nge7 7. Nxc6 Nxc6 8. 0-0 Bd7 9. c4 Qe5 10. Nc3 Bd6 11. g3 a6 12. Re1 0-0 13. Bxc6 Bxc6 14. Qb3 Qf5 15. Nd5 b5 16. Ne3 Qh3 17. Qc2 Rae8 18. b3 Re5 19. Nd5 Bxd5 20. cxd5 Rh5 21. Rxe4 Qxh2+ 22. Kf1 Rf5 23. d4 Qh1+ 24. Ke2 Rxf2+ 0-1

[Event "POL-chT 2nd League"]
[Site "Lazy"]
[Date "2012.09.08"]
[Round "8"]
[White "Krokay, Urszula"]
[Black "Knopik, Krzysztof"]
[Result "0-1"]
[WhiteElo "1868"]
[BlackElo "2127"]
[PlyCount "63"]
[EventDate "2012.09.01"]
[EventType "team-swiss"]
[EventRounds "9"]
[EventCountry "POL"]
[SourceTitle "EXT 2019"]
[Source "ChessBase"]
[SourceDate "2018.10.10"]
[SourceVersion "1"]
[SourceVersionDate "2018.10.10"]
[SourceQuality "1"]
[WhiteTeam "Wisznia Mala OKSiR"]
[BlackTeam "Czerwionka Gornik 23"]
[WhiteTeamCountry "POL"]
[BlackTeamCountry "POL"]

1. e4 e5 2. Nf3 Nc6 3. Bc4 Nf6 4. d3 Bc5 5. c3 d6 6. b4 Bb6 7. 0-0 h6 8. h3 0-0 9. Re1 a5 10. b5 Ne7 11. a4 Ng6 12. d4 Re8 13. Nbd2 exd4 14. cxd4 d5 15. exd5 Rxe1+ 16. Qxe1 Bf5 17. g4 Bc8 18. Ra3 Nf4 19. Ne5 N4xd5 20. Ndf3 Be6 21. g5 hxg5 22. Nxg5 Bxd4 23. Nxe6 fxe6 24. Nf3 Bc5 25. Qxe6+ Kh8 26. Rd3 c6 27. bxc6 bxc6 28. Qxc6 Rc8 29. Qb5 Qd6 30. Bg5 Qg3+ 31. Kh1 Bxf2 32. Qb2 0-1

[Event "POL-chT 2nd League"]
[Site "Lazy"]
[Date "2012.09.05"]
[Round "5"]
[White "Knopik, Krzysztof"]
[Black "Swierczewski, Marek"]
[Result "0-1"]
[WhiteElo "2127"]
[BlackElo "2135"]
[PlyCount "80"]
[EventDate "2012.09.01"]
[EventType "team-swiss"]
[EventRounds "9"]
[EventCountry "POL"]
[SourceTitle "EXT 2019"]
[Source "ChessBase"]
[SourceDate "2018.10.10"]
[SourceVersion "1"]
[SourceVersionDate "2018.10.10"]
[SourceQuality "1"]
[WhiteTeam "Czerwionka Gornik 23"]
[BlackTeam "Gant Hetman"]
[WhiteTeamCountry "POL"]
[BlackTeamCountry "POL"]

1. e4 c5 2. Nf3 e6 3. Nc3 Nc6 4. Bc4 a6 5. a4 Qc7 6. d3 Nf6 7. 0-0 Be7 8. h3 b6 9. Be3 Bb7 10. Bb3 0-0 11. Bg5 Rfe8 12. Re1 d6 13. Bf4 Nd4 14. Nxd4 cxd4 15. Ne2 Nd7 16. Bh2 Bf6 17. f4 Nc5 18. Ba2 Bc6 19. b3 b5 20. Ng3 g6 21. f5 b4 22. Qg4 Kh8 23. Rf1 Nd7 24. fxg6 fxg6 25. Ne2 e5 26. Rf2 Rf8 27. Raf1 Rae8 28. Bg3 Qd8 29. h4 Nc5 30. Qh3 Bd7 31. Qh2 Bg4 32. Nxd4 exd4 33. Bxd6 Nd7 34. Bxf8 Rxf8 35. e5 Bg7 36. Rxf8+ Nxf8 37. Qf4 Be6 38. h5 gxh5 39. Re1 Ng6 40. Qg3 Bh6 0-1

[Event "POL-chT 2nd div South"]
[Site "Polanica Zdroj"]
[Date "1999.??.??"]
[Round "10"]
[White "Lach, Ireneusz"]
[Black "Knopik, Krzysztof"]
[Result "0-1"]
[WhiteElo "2093"]
[BlackElo "2233"]
[PlyCount "118"]
[EventDate "1999.09.17"]
[EventType "team-swiss"]
[EventRounds "10"]
[EventCountry "POL"]
[SourceTitle "EXT 2001"]
[Source "ChessBase"]
[SourceDate "2000.11.22"]
[SourceVersion "1"]
[SourceVersionDate "2000.11.22"]
[SourceQuality "1"]
[WhiteTeam "POL-chT 2nd div South 20"]
[BlackTeam "POL-chT 2nd div South 10"]
[WhiteTeamCountry "POL"]
[BlackTeamCountry "POL"]

1. c4 e5 2. Nc3 Nc6 3. g3 Bc5 4. Bg2 d6 5. Nf3 Nge7 6. 0-0 a6 7. d3 0-0 8. Bd2 Ng6 9. Rb1 h6 10. Nd5 Nce7 11. b4 Ba7 12. Qb3 Nxd5 13. cxd5 f5 14. Rbc1 f4 15. Qc4 fxg3 16. hxg3 Rf7 17. Nh2 b5 18. Qc6 Rb8 19. Qc2 Bf5 20. e4 Bc8 21. Qd1 Nf8 22. Qe2 Bd7 23. Be3 Bb6 24. Rc2 Nh7 25. Rfc1 Ng5 26. Bxb6 cxb6 27. Ng4 Qe7 28. Ne3 Rbf8 29. Nf5 Bxf5 30. exf5 Rxf5 31. f4 Nf7 32. Qg4 Rf6 33. Rc7 Qe8 34. Be4 exf4 35. gxf4 g5 36. Rc8 Rxf4 37. Qh5 Nd8 38. Qxe8 Rxe8 39. Rb8 Rff8 40. Rcc8 Nc6 41. Rxe8 Nxb8 42. Re6 Rd8 43. Rxh6 a5 44. bxa5 bxa5 45. Bf5 Kf7 46. d4 Na6 47. Rh7+ Kf6 48. Bd3 Nb4 49. Rh6+ Kg7 50. Rh7+ Kg8 51. Be4 Nxa2 52. Ra7 Nc3 53. Bd3 a4 54. Kf2 Rb8 55. Ke3 b4 56. Kd2 g4 57. Bf1 g3 58. Kc2 Rf8 59. Bh3 g2 0-1